Vitória, vitória (Registo nº 7218)

Detalhes MARC
000 -Etiqueta do registo
Valores 00579nam a22002171i 4500
010 ## - Número ISBN
ISBN 9789722009195
090 ## -
-- 7218
100 ## - Dados gerais de processamento
Dados gerais 20170304u u u0frey50 ba
101 0# - Língua de publicação
-- por
200 1# - Titulo e menção de responsabilidade
Primeira menção de responsabilidade Clara Pinto Correia
Título próprio Vitória, vitória
210 ## - Publicação
Nome do editor Dom Quixote
Local de publicação Lisboa
Data de publicação 1991
215 ## - Descrição física 
Paginação / Volumes 55, [1] p.
Outras indicações físicas il.
Dimensões 18 cm
225 2# - Colecção 
Título próprio da colecção Primeiras historias
Indicação de volume 3
606 ## - Nome comum usado como assunto
ID Autoridade 185
Palavra de ordem Literatura infantil
675 ## - CDU
Notação 8:087.5
-- 69
700 #1 - Autor principal (pessoa individual)
Apelido Correia
Nome Clara Pinto
-- 070
Datas 1960-
702 #1 - Autor secundário (pessoa individual)
Apelido Fragateiro
Nome Fernanda
-- 440
Datas 1962-
801 ## - Fonte de origem
País PT
Regras de catalogação RPC
990 ## - Elementos KOHA
Tipo de documento Livro
994 ## - Estado da catalogação
-- COMP
Exemplares
Situação do levantamento Estado Biblioteca de origem Biblioteca de empréstimo Código de barras Cota Permissão de empréstimo Tipo de documento Nota relativa ao exemplar
  Completo Biblioteca Municipal de Viana Do Alentejo Biblioteca Municipal de Viana Do Alentejo 0010405 8 COR Disponível Livro 6-10 anos




Powered by Koha